Values clarification : (Record no. 1001)

MARC details
000 -LEADER
fixed length control field 00742cam a22002531 4500
005 - DATE AND TIME OF LATEST TRANSACTION
control field 20260322212042.0
008 - FIXED-LENGTH DATA ELEMENTS--GENERAL INFORMATION
fixed length control field data
010 ## - LIBRARY OF CONGRESS CONTROL NUMBER
LC control number 70187023 //r952
020 ## - INTERNATIONAL STANDARD BOOK NUMBER
International Standard Book Number 0805510389
020 ## - INTERNATIONAL STANDARD BOOK NUMBER
International Standard Book Number 9780805510386
040 ## - CATALOGING SOURCE
Original cataloging agency DLC
Transcribing agency DLC
Modifying agency YUS
049 ## - LOCAL HOLDINGS (OCLC)
Holding library YUTH
050 00 - LIBRARY OF CONGRESS CALL NUMBER
Classification number BJ1661
Item number .S55
090 ## - LOCALLY ASSIGNED LC-TYPE CALL NUMBER (OCLC); LOCAL CALL NUMBER (RLIN)
Classification number (OCLC) (R) ; Classification number, CALL (RLIN) (NR) BJ 1588 S53v 1972
001 - CONTROL NUMBER
control field data
100 1# - MAIN ENTRY--PERSONAL NAME
Personal name Simon, Sidney B.
245 10 - TITLE STATEMENT
Title Values clarification :
Remainder of title a handbook of practical strategies for teachers and students /
Statement of responsibility, etc. Sidney B. Simon, Leland W. Howe & Howard Kirschenbaum.
260 ## - PUBLICATION, DISTRIBUTION, ETC.
Place of publication, distribution, etc. New York,
Name of publisher, distributor, etc. Hart Pub. Co.
Date of publication, distribution, etc. [1972]
300 ## - PHYSICAL DESCRIPTION
Extent 397 p.
Dimensions 21 cm.
650 #0 - SUBJECT ADDED ENTRY--TOPICAL TERM
Topical term or geographic name entry element Youth
General subdivision Conduct of life.
650 #0 - SUBJECT ADDED ENTRY--TOPICAL TERM
Topical term or geographic name entry element Values clarification.
700 1# - ADDED ENTRY--PERSONAL NAME
Personal name Howe, Leland W.
700 1# - ADDED ENTRY--PERSONAL NAME
Personal name Kirschenbaum, Howard.
Holdings
Withdrawn status Lost status Damaged status Not for loan Home library Current library Shelving location Date acquired Total checkouts Full call number Barcode Date last seen Price effective from Koha item type
        Franklin Franklin General stacks 22/03/2026   BJ1661 .S55 BC0011034 22/03/2026 22/03/2026 Books